| 000 | 00924nam a2200229Ia 4500 | ||
|---|---|---|---|
| 001 | 9641 | ||
| 003 | GE_BSU | ||
| 008 | 181216s||||||||xx |||||||||||||| ||und|| | ||
| 040 | _cGE_BSU | ||
| 080 | _a821.353.1-4 | ||
| 100 | _aმუნტიკოვა–ჩაჩიბაია,ნათელა | ||
| 245 | _aბედნიერი ნაოსნობა,კაპიტანო! | ||
| 245 | _bნარკვევი ვ. გოგიტიძის შესახებ | ||
| 245 | _cრედ.შ.როყვა.მხატვ. ლ.სეიდიშვილი | ||
| 260 | _aბათუმი | ||
| 260 | _bსაბჭოთა აჭარა | ||
| 260 | _c1969 | ||
| 300 | _a123გვ.19სმ. | ||
| 653 | _aბედნიერი ნაოსნობა,კაპიტანო! | ||
| 653 | _aნარკვევი ვ. გოგიტიძის შესახებ | ||
| 942 | _cBK | ||
| 999 |
_c42925 _d42925 |
||